00619nam a22001817a 450000500170000001000150001702000230003203500140005503700130006908200100008210000170009224501090010925000200021826000340023827000570027230000200032950000880034920180922115112.0 aENG-124023 c295.00a8183820611 aEN-107555 bDBAD/PUB a320.3 aJohari, J.C. aNew comparative government: cby J.C. Johari b(a concise study of domestic politics around the world) / a2nd revised ed. aNew Delhic2011bLotus Press  bNew Delhia4263/3, Ansari Raod, Darya Ganj, e110002 a730p.c21(pbk.) aIt includes appendix: recent political developments new constitution of Switzerland